Quantum computing / (Record no. 29116)

000 -LEADER
fixed length control field 00598 a2200193 4500
020 ## - INTERNATIONAL STANDARD BOOK NUMBER
International Standard Book Number 3642073832
020 ## - INTERNATIONAL STANDARD BOOK NUMBER
International Standard Book Number 9783642073830
082 04 - DEWEY DECIMAL CLASSIFICATION NUMBER
Classification number 004.1
090 ## - LOCALLY ASSIGNED LC-TYPE CALL NUMBER (OCLC); LOCAL CALL NUMBER (RLIN)
-- 485
-- 485
100 1# - MAIN ENTRY--PERSONAL NAME
Personal name Hirvensalo, Mika.
245 10 - TITLE STATEMENT
Title Quantum computing /
Statement of responsibility, etc. Mika Hirvensalo.
250 ## - EDITION STATEMENT
Edition statement 2nd ed.
260 ## - PUBLICATION, DISTRIBUTION, ETC.
Place of publication, distribution, etc. [S.l.] :
Name of publisher, distributor, etc. Springer,
Date of publication, distribution, etc. 2004.
300 ## - PHYSICAL DESCRIPTION
Extent 227 p. ;
Dimensions 23 cm.
490 1# - SERIES STATEMENT
Series statement Natural computing series.
830 #0 - SERIES ADDED ENTRY--UNIFORM TITLE
Uniform title Natural computing series.
942 ## - ADDED ENTRY ELEMENTS (KOHA)
Institution code [OBSOLETE] SNS
Koha item type Book
Call number prefix 004.1 HIR
Holdings
Withdrawn status Lost status Damaged status Not for loan Permanent Location Current Location Date acquired Total Checkouts Total Renewals Full call number Barcode Date last seen Date last checked out Price effective from Koha item type
        School of Natural Sciences (SNS) School of Natural Sciences (SNS) 05/26/2016 1 2 004.1 HIR SNS0000418 10/02/2023 05/03/2023 05/26/2016 Book
© 2023 Central Library, National University of Sciences and Technology. All Rights Reserved.